| 000 | 00851nam1a2200253 i 4500 | ||
|---|---|---|---|
| 001 | RU\NLR\BIBL_A\022060283 | ||
| 005 | 20241103110437.0 | ||
| 035 | _a(NLR Aleph) 022060283 | ||
| 090 |
_a12625355 _c12625355 |
||
| 100 | _a20061002d1905 u||y0rusy50 ca | ||
| 101 | 0 | _arus | |
| 102 | _aRU | ||
| 105 | _a z | ||
| 200 | 1 |
_aБеседничество как секта _f[соч.] свящ. Е. Кесарева |
|
| 210 |
_aСамара _cТипография Л. М. Азеринского _d1905 |
||
| 215 | _d23 | ||
| 606 |
_aБеседничество _92322392 _3RU\NLR\AUTH\661389314 |
||
| 686 | 3 | _aЭ378.158 | |
| 700 | 1 |
_aКесарев _bЕ. В. _gЕвгений Васильевич |
|
| 852 |
_aNLR _j83-7/710 |
||
| 942 | _cBOOK | ||